1238 1519 1833 1840 1521 1340 1003 1237 1247 1231 1005 1714 1026 1906 1835 1886 1676 1144 1520 1010 1729 1392 1228 1704 1093 1733 1420 1237 1815 1101 1289 1722 1392 1474 1850 1953 1836 1312 1975 1540 1952 1166 1720 1819 1546 1183 1908 1801 1771 1212 1760 1200 1510 1661 1529 1553 1474 1853 1123 1728 1591 1505 1816 1800 1581 1208 1176 1938 1921 1171 1800 1930 1444 1467 1452 1237 1105 1543 1048 1509 1354 1972 1125 1217 1507 1495 1113 1579 1206 1125 1240 1702 1104 1268 1588 1783 1495 1473 1663 BCNSPRNW ULIB Ver.6.0+V

เปลี่ยนเป็นภาษาไทย

Change to English
 แสดงรายละเอียดบรรณานุกรม
  กลับหน้าหลัก

Brief Record : Get Marc (ISO 2709) : E-mail record : QR code < ปิดหน้าต่าง
LEADER : 00000nam 2200000uu 4500
001    13399124677
003     ULIB
008    151123s2546||||th 000 0 tha d
099 00 ^aวพ.W 4^bอ213ร
100 0  ^aอัญชลี บัวทอง
245 10 ^aระยะเวลารอคอยและปัจจัยที่เกี่ยวข้องของผู้ป่วยในแผนกฉุกเฉิน โรงพยาบาลพุทธชินราช = Waiting time and related factors among patients in emergency department at Buddhachinaraj Hospital /^cอัญชลี บัวทอง
246 31 ^aWaiting time and related factors among patients in emergency department at Buddhachinaraj Hospital
260    ^aเชียงใหม่ :^bบัณฑิตวิทยาลัย มหาวิทยาลัยเชียงใหม่,^c2546
300    ^aฐ, 97 แผ่น :^bตาราง
502    ^aวิทยานิพนธ์ (พยาบาลศาสตรมหาบัณฑิต (สาขาวิชาการบริหารการพยาบาล)) -- มหาวิทยาลัยเชียงใหม่
504    ^aบรรณานุกรม: แผ่น 76 - 82
610 27 ^aโรงพยาบาลพุทธชินราช
650  2 ^aDissertations, academic^xnursing
650  2 ^aTime
650  2 ^aEmergencies
650  7 ^aโรงพยาบาล^xแผนกฉุกเฉิน
650  7 ^aบริการทางการแพทย์^xการประเมิน
650  7 ^aทัศนคติต่ออนามัย^zพิษณุโลก
710 2  ^aมหาวิทยาลัยเชียงใหม่.^bบัณฑิตวิทยาลัย
710 2  ^aมหาวิทยาลัยเชียงใหม่.^bสาขาวิชาการบริหารการพยาบาล
945    ^p0^l0^i000220
999    ^aเกษร โพธิ์สุวรรณ
รายการนี้ยังไม่มีแท็ก
คุณยังไม่ได้ล็อกอิน คุณสามารถมีกิจกรรมร่วมกับเว็บไซต์ได้ แต่ต้องล็อกอินก่อน ::
  ล็อกอิน

รายการสื่อสารสนเทศ

ลำดับที่ ประเภท เลขเรียก/บาร์โค้ด สถานที่ สถานะ
1. วิทยานิพนธ์
วิทยานิพนธ์
วพ.W 4 อ213ร ฉ.1 
  Barcode: 000220
ห้องสมุดวิทยาเขตสวรรค์ประชารักษ์
► วิทยานิพนธ์
บนชั้น

รายการใกล้เคียง
    หัวเรื่อง [Emergencies]

BibComment


ยังไม่เคยถูกคอมเมนท์

คอมเมนท์ทรัพยากรรายการนี้
  คอมเมนท์: ระยะเวลารอคอยและ..


 Copyright 2026. Bcnsprnw @Library